|
|
|
|
| LEADER |
00000nab a2200000 a 4500 |
| 001 |
vtls000711426 |
| 003 |
SK-MaSNL |
| 005 |
20260302195433.0 |
| 008 |
180205c1999 xo 0 slo |
| 015 |
|
|
|a SNBRB2000/01-03246
|
| 035 |
|
|
|a CLN000063593
|
| 040 |
|
|
|a SNKBUCL
|b slo
|c SNKBUCL
|e AACR2
|
| 041 |
0 |
|
|a slo
|
| 044 |
|
|
|a xo
|c SK
|
| 080 |
|
|
|a 664.12:061.5(437.6):658.5:658.8:339.138:657.3:658.15
|2 UDC-MRF-SK2
|
| 100 |
1 |
|
|a Kukučka, Jaroslav
|4 aut
|9 491870
|
| 245 |
1 |
0 |
|a Cukrovarníctvo v SR ; ekonomicko-finančná analýza
|c Jaroslav Kukučka
|
| 300 |
|
|
|b Tab.
|
| 610 |
2 |
7 |
|a Šuriansky cukrovar (Slovensko)
|2 snkbucl
|9 216139
|
| 655 |
|
7 |
|a články z novín a časopisov
|2 snkbucl
|9 267496
|
| 773 |
0 |
|
|x 1335-4124
|t Hospodársky denník
|g Roč. 1, č. 220 (30.12.1999), s. 11
|
| 850 |
|
|
|a Slovenská národná knižnica v Martine
|
| 852 |
|
|
|a SNK
|b KIS3GCP
|
| 958 |
|
|
|a RBX
|
| 999 |
|
|
|c 1452648
|d 1454578
|